000 00660nam a22001937a 4500
999 _c168349
_d168349
005 20191004163901.0
010 _aENG-126601
020 _a9789353286484
_c595.00
035 _aEN-110133
037 _bDBAD/PUB
082 _a352.630
100 _aSaxena, Naresh Chandra
245 _aWhat AILS the IAS and why it fails to deliver :
_cby Naresh Chandra Saxena
_ban insider's view /
260 _aNew Delhi
_bSAGE Publications
270 _aB1/1-1, Mohan Cooperative Industrial Area
_bMathura Road, Post Bag 7, New Delhi
_e110044
_mmarketing@sagepub.in
300 _a245p.
_c22cm(pbk)
500 _aIncludes bibliographical references
942 _2ddc
_cEN
_mSAX